000 00569cam a2200205ua 4500
001 4295
008 111223n ii |||gr||||Z||||||eng
020 _a81-237-3766-1
040 _cMAIN
082 _a305.4
100 _aNayar, Sushila,
_eEditor.,
245 1 1 _aWomen pioneers in india renaissance
_ced by. Sushila Nayar
250 _a1st.
260 _aNew Delhi:
_bNational book trust,
_c2005.
300 _a447p:
_c23cm.
653 _aSocial group of women
653 _aWomen pioneers in india renaissance
700 _aMankekar, Kamala,
_eEditor.,
942 _cBK
999 _c4114
_d4114